| 000 -LEADER |
| fixed length control field |
00755cam a2200241 i 4500 |
| 001 - CONTROL NUMBER |
| control field |
12756 |
| 003 - CONTROL NUMBER IDENTIFIER |
| control field |
BD-DhUAP |
| 005 - DATE AND TIME OF LATEST TRANSACTION |
| control field |
20200203163536.0 |
| 008 - FIXED-LENGTH DATA ELEMENTS--GENERAL INFORMATION |
| fixed length control field |
200203s2003 ii gb 001 0 eng |
| 020 ## - INTERNATIONAL STANDARD BOOK NUMBER |
| International Standard Book Number |
8171180272 |
| 040 ## - CATALOGING SOURCE |
| Original cataloging agency |
BD-DhUAP |
| Language of cataloging |
Eng |
| Description conventions |
BD-DhUAP |
| Transcribing agency |
BD-DhUAP |
| 082 ## - DEWEY DECIMAL CLASSIFICATION NUMBER |
| Edition number |
23 |
| Classification number |
340.590954 HID |
| 100 ## - MAIN ENTRY--PERSONAL NAME |
| Personal name |
Hidayatullah, M. |
| 245 10 - TITLE STATEMENT |
| Title |
Mulla principles of Mahomedan law / |
| Statement of responsibility, etc. |
M. Hidayatullah and Arshad Hidayatullah. |
| 250 ## - EDITION STATEMENT |
| Edition statement |
19th edition. |
| 264 #1 - PRODUCTION, PUBLICATION, DISTRIBUTION, MANUFACTURE, AND COPYRIGHT NOTICE |
| Place of production, publication, distribution, manufacture |
Gurgaon : |
| Name of producer, publisher, distributor, manufacturer |
LexisNexis, |
| Date of production, publication, distribution, manufacture, or copyright notice |
c2009. |
| 300 ## - PHYSICAL DESCRIPTION |
| Extent |
lii, 346 pages ; |
| Dimensions |
23 cm |
| 504 ## - BIBLIOGRAPHY, ETC. NOTE |
| Bibliography, etc. note |
Includes bibliographical references and index. |
| 650 #0 - SUBJECT ADDED ENTRY--TOPICAL TERM |
| Topical term or geographic name entry element |
Islamic law |
| Geographic subdivision |
India. |
| 700 ## - ADDED ENTRY--PERSONAL NAME |
| Personal name |
Hidayatullah, Arshad |
| 942 ## - ADDED ENTRY ELEMENTS (KOHA) |
| Source of classification or shelving scheme |
|
| Koha item type |
Book |